000
00299nam a22001337a 4500
008
170613b xxu||||| |||| 00| 0 eng d
020
_a
9780374104382
041
_a
eng
080
_a
94(7/8)
100
_a
17
101
_a
SHH
245
_a
THE SHAPE OF THINGS TO COME
_c
MARCUS,G
942
_2
udc
_c
BK
999
_c
17118
_d
17118